Foods that Start with K - Statistics

General Stats
  • This quiz has been taken 151 times
  • The average score is 7 of 15
Answer Stats
Picture Answer % Correct
Kiwi
100%
Ketchup
95%
Kale
89%
Kit Kat
83%
Kimchi
72%
Key Lime Pie
65%
King Crab
57%
Kumquat
51%
Kielbasa
25%
Kohlrabi
14%
Kipper
11%
Kasha
6%
Kringle
6%
Knish
4%
Kaffir Lime
3%
No matching quizzes found
Score Distribution
Percent of People with Each Score
Percentile by Number Answered
Your Score History
You have not taken this quiz